000 00900nam a22002657a 4500
001 4133
003 FISKH
005 20240611100358.0
008 240611b cb ||||| |||| 00| 0 eng d
020 _a9780545056908
040 _aFISKH
_beng
_cFISKH
_dFISKH
050 _aPZ7.S88442
082 _a813.6
100 _aStork Francisco
_d1953-
245 _aMarcelo in the real world /
_cFrancisco Stork
260 _aNew York :
_bScholastic,
_c2011
300 _a312 pages :
_c21 cm
505 _aM
520 _aMarcelo Sandoval, a seventeen-year-old boy on the high-functioning end of the autistic spectrum, faces new challenges, including romance and injustice, when he goes to work for his father in the mailroom of a corporate law firm.
521 8 _a700
_bLexile
521 8 _aM
_bRaz-Plus
700 _aFrancisco Stork
942 _2ddc
_cBK
_n0
999 _c4133
_d4133